Music Quiz

Random Music or Album Quiz

Fiona Apple's Second Album Quiz Stats

 Plays Quiz Updated Apr 1, 2020

Support Sporcle.
Go Orange.
Score 0/90 Timer 04:00
0 Plays Today
Line Word % Correct
Line 1the
94.3%
Line 1the
94.1%
Line 2the
93.9%
Line 2the
93.9%
Line 3the
93.9%
Line 3the
93.9%
Line 6the
93.9%
Line 1a
85%
Line 1When
74.7%
Line 2When
74.2%
Line 4When
74.2%
Line 5When
74.2%
Line 1Pawn
61.8%
Line 3And
59.9%
Line 6And
59.8%
Line 7And
59.8%
Line 8And
59.8%
Line 5You
58.9%
Line 5You
58.9%
Line 7You
58.9%
Line 7You
58.9%
Line 7You
58.9%
Line 8You
58.9%
Line 1He
56.5%
Line 2He
56.4%
Line 2He
56.4%
Line 3He
56.4%
Line 4Is
55.1%
Line 6Is
55.1%
Line 2to
50.5%
Line Word % Correct
Line 4to
50.5%
Line 7to
50.5%
Line 8It
47.7%
Line 1Hits
44%
Line 6of
43.1%
Line 1King
41.6%
Line 5Go
40.8%
Line 7If
40.7%
Line 8If
40.7%
Line 2What
40.3%
Line 1Like
39%
Line 4No
37.1%
Line 7Know
36.9%
Line 7Know
36.9%
Line 8Know
36.9%
Line 6That
35.3%
Line 8That
35.3%
Line 7Where
34.7%
Line 7Where
34.7%
Line 4Your
34.6%
Line 4Your
34.6%
Line 5Your
34.6%
Line 5So
33.9%
Line 7Then
33.3%
Line 1Thinks
31.1%
Line 2Goes
26.3%
Line 2Knows
25.2%
Line 8You're
25.1%
Line 8Cuz
25.1%
Line 8Right
25%
Line Word % Correct
Line 1Conflicts
24.6%
Line 2Blows
22.7%
Line 2Fight
22.4%
Line 3Thing
21.8%
Line 3Win
21.5%
Line 2Throws
21.5%
Line 3Ring
21%
Line 3'fore
21%
Line 4Might
20.5%
Line 8Won't
20.5%
Line 8You'll
20.1%
Line 3He'll
19.8%
Line 3Enters
19.7%
Line 4Mind
19.3%
Line 8Fall
19.2%
Line 7Stand,
18.4%
Line 3Whole
18.3%
Line 8Matter,
17.8%
Line 7Land
17.4%
Line 5Hand
17.1%
Line 5Hold
16.8%
Line 4Body
16.8%
Line 5Own
16.7%
Line 4There's
16.6%
Line 4Batter
16.6%
Line 6Greatest
15.6%
Line 6Heights
15.6%
Line 5Solo,
15.3%
Line 6Remember
15.1%
Line 6Depth
15.1%

You're not logged in!

Compare scores with friends on all Sporcle quizzes.
OR
Log In

From the Vault

Most-Followed Artists on Spotify

by Noldeh

There are not tough acts to follow.
Remove Ads.
Support Sporcle.
Get the best of Sporcle when you Go Orange. This ad-free experience offers more features, more stats, and more fun while also helping to support Sporcle. Thank you for becoming a member.

Show Comments

Extras

Top Quizzes Today


Score Distribution

Your Account Isn't Verified!

In order to create a playlist on Sporcle, you need to verify the email address you used during registration. Go to your Sporcle Settings to finish the process.

Report this User

Report this user for behavior that violates our Community Guidelines.

Details: